東京の地下鉄で設定が少ない行先 - Statistics

General Stats
  • This quiz has been taken 28 times
    16 since last reset
  • The average score is 45 of 81
Answer Stats
路線 方向 行先 平日 土休日 % Correct
都営浅草線 西馬込方 泉岳寺
86%
都営浅草線 西馬込方 浅草橋
79%
都営浅草線 押上方 押上
79%
メトロ日比谷線 中目黒方 南千住
71%
メトロ千代田線 代々木 上原方 霞ケ関
71%
都営浅草線 西馬込方 品川
64%
都営浅草線 西馬込方 逗子・葉山
64%
メトロ丸ノ内線 荻窪方 新宿
64%
メトロ南北線 目黒方 奥沢
64%
メトロ有楽町線 和光市方 池袋
64%
メトロ有楽町線 和光市方 志木
64%
メトロ有楽町線 新木場方 池袋
64%
メトロ千代田線 北綾瀬方 松戸
64%
メトロ千代田線 北綾瀬方 松戸(霞ケ関発)
64%
メトロ千代田線 代々木 上原方 明治神宮前
64%
メトロ半蔵門線 渋谷方 渋谷
64%
メトロ副都心線 小竹向原方 小川町
64%
メトロ副都心線 渋谷方 渋谷
64%
都営浅草線 西馬込方 神奈川新町
57%
メトロ日比谷線 中目黒方 六本木
57%
メトロ銀座線 渋谷方 上野
57%
メトロ丸ノ内線 池袋方 新宿三丁目
57%
メトロ丸ノ内線 池袋方 中野富士見町
57%
メトロ丸ノ内線 池袋方 茗荷谷(荻窪発)
57%
メトロ丸ノ内線 池袋方 茗荷谷(方南町発)
57%
メトロ丸ノ内線 荻窪方 中野坂上
57%
メトロ丸ノ内線 荻窪方 茗荷谷
57%
都営三田線 目黒方 西谷
57%
都営三田線 目黒方 西谷(高島平発)
57%
都営三田線 目黒方 大和
57%
メトロ南北線 目黒方 麻布十番
57%
メトロ南北線 目黒方 駒込
57%
メトロ南北線 目黒方 西谷
57%
メトロ南北線 目黒方 大和
57%
メトロ南北線 赤羽岩淵方 駒込
57%
メトロ有楽町線 和光市方 清瀬
57%
メトロ有楽町線 和光市方 飯能
57%
メトロ千代田線 代々木 上原方 相模大野
57%
都営新宿線 本八幡方 岩本町
57%
メトロ半蔵門線 押上方 青山一丁目
57%
メトロ副都心線 小竹向原方 清瀬
57%
メトロ副都心線 小竹向原方 飯能
57%
メトロ副都心線 渋谷方 海老名
57%
メトロ副都心線 渋谷方 西谷
57%
メトロ副都心線 渋谷方 西谷(新宿三丁目発)
57%
メトロ副都心線 渋谷方 元住吉
57%
メトロ副都心線 渋谷方 大和(新宿三丁目発)
57%
メトロ副都心線 渋谷方 横浜
57%
都営浅草線 西馬込方 金沢文庫
50%
都営浅草線 西馬込方 三浦海岸
50%
都営浅草線 押上方 芝山千代田
50%
都営浅草線 押上方 宗吾参道
50%
メトロ日比谷線 北千住方 草加
50%
メトロ日比谷線 北千住方 広尾
50%
メトロ東西線 中野方 東陽町
50%
メトロ東西線 西船橋方 八千代緑が丘
50%
都営三田線 目黒方 湘南台
50%
都営三田線 目黒方 湘南台(高島平発)
50%
メトロ南北線 目黒方 市ヶ谷
50%
メトロ南北線 目黒方 湘南台
50%
メトロ南北線 目黒方 目黒
50%
メトロ南北線 赤羽岩淵方 王子神谷
50%
メトロ有楽町線 和光市方 所沢
50%
メトロ千代田線 代々木 上原方 北千住
50%
都営新宿線 新宿方 大島
50%
都営新宿線 本八幡方 大島
50%
メトロ半蔵門線 渋谷方 鷺沼
50%
メトロ半蔵門線 渋谷方 水天宮前
50%
メトロ半蔵門線 押上方 永田町
50%
メトロ半蔵門線 押上方 半蔵門
50%
メトロ副都心線 小竹向原方 所沢
50%
メトロ副都心線 小竹向原方 保谷
50%
メトロ副都心線 渋谷方 菊名
50%
メトロ東西線 中野方 九段下
43%
メトロ千代田線 代々木 上原方 本厚木
43%
都営新宿線 本八幡方 瑞江
43%
メトロ半蔵門線 押上方 東武動物公園
43%
都営大江戸線 都庁前方 (内回り) 汐留
43%
都営大江戸線 都庁前方 (内回り) 新御徒町
43%
メトロ副都心線 小竹向原方 西武秩父
43%
都営新宿線 新宿方 若葉台
21%
No matching quizzes found
Score Distribution
Percent of People with Each Score
Percentile by Number Answered
Your Score History
You have not taken this quiz since the last reset